[Event "BAN-chT2"]
[Site "Dhaka"]
[Date "2017.10.27"]
[Round "6.3"]
[White "Hasan Mahmud, Rajjab"]
[Black "Ruhul, Amin"]
[Result "1/2-1/2"]
[WhiteElo "1530"]
[BlackElo "1823"]
[PlyCount "80"]
[EventDate "2017.10.22"]
[EventType "team-swiss"]
[EventRounds "7"]
[EventCountry "BAN"]
[SourceTitle "CBM 181 Extra"]
[Source "ChessBase"]
[SourceDate "2017.12.12"]
[SourceVersion "1"]
[SourceVersionDate "2017.12.12"]
[SourceQuality "1"]
[WhiteTeam "Sonargaon CC"]
[BlackTeam "Bangladesh Police"]
[WhiteTeamCountry "BAN"]
[BlackTeamCountry "BAN"]

1. e3 e5 2. d3 d5 3. g3 Nf6 4. Bg2 Be7 5. Ne2 c5 6. b3 Be6 7. Bb2 Nc6 8. a3 Qd7 9. h3 Rc8 10. Nd2 0-0 11. Nf3 Bd6 12. Ng5 Bf5 13. Nf3 Bb8 14. g4 Bg6 15. Nh4 Qe6 16. Nxg6 fxg6 17. Qd2 Nd7 18. Nc3 Nb6 19. e4 d4 20. Nd5 Qf7 21. Nxb6 axb6 22. 0-0 b5 23. a4 c4 24. Ba3 c3 25. Qe2 b4 26. Bc1 Nd8 27. Bg5 Ne6 28. Bh4 g5 29. Bg3 Nf4 30. Bxf4 Qxf4 31. Qd1 Rf6 32. Qc1 Qd2 33. f3 Ra6 34. Rf2 Qxc1+ 35. Rxc1 Bc7 36. Rff1 Rca8 37. Rfe1 b5 38. axb5 Ra5 39. Bf1 Rxb5 40. Ra1 Rba5 1/2-1/2

[Event "BAN-chT2"]
[Site "Dhaka"]
[Date "2017.10.25"]
[Round "4.4"]
[White "Ruhul, Amin"]
[Black "Shawon, Mostafa Prodhan"]
[Result "0-1"]
[WhiteElo "1823"]
[BlackElo "1728"]
[PlyCount "84"]
[EventDate "2017.10.22"]
[EventType "team-swiss"]
[EventRounds "7"]
[EventCountry "BAN"]
[SourceTitle "CBM 181 Extra"]
[Source "ChessBase"]
[SourceDate "2017.12.12"]
[SourceVersion "1"]
[SourceVersionDate "2017.12.12"]
[SourceQuality "1"]
[WhiteTeam "Bangladesh Police"]
[BlackTeam "Uttara Central CC"]
[WhiteTeamCountry "BAN"]
[BlackTeamCountry "BAN"]

1. e4 c5 2. Nf3 e6 3. d4 Nc6 4. d5 exd5 5. exd5 Qe7+ 6. Be2 Ne5 7. 0-0 Qd6 8. Nxe5 Qxe5 9. Bf3 Be7 10. Re1 Qd6 11. g3 Kf8 12. Bf4 Qb6 13. d6 Bf6 14. Qe2 g6 15. Qe8+ Kg7 16. Bd5 Nh6 17. Bxh6+ Kxh6 18. Qe3+ Kg7 19. Nc3 Qxd6 20. Rad1 Qb6 21. Bb3 d6 22. Qf3 Rf8 23. Ne4 Be5 24. Rxd6 Qb4 25. c3 Qa5 26. Rd5 f6 27. Rxc5 Qb6 28. Qe3 Bf5 29. Nxf6 Bxf6 30. Ba4 Rac8 31. Rxc8 Rxc8 32. Qf4 Qxb2 33. g4 Qxc3 34. Re3 Qc1+ 35. Kg2 Rc4 36. Qb8 Rxg4+ 37. Kf3 Qh1+ 38. Ke2 Rxa4 39. Qc7+ Kh6 40. Qf7 Bg4+ 41. f3 Rxa2+ 42. Qxa2 Qxh2+ 0-1